000 00740nam a2200217 i 4500
001 141591
003 ES-MaACL
005 20250819063102.0
007 t|
008 070925s1920 sp ||||1| spa d
100 1 _aVilley, Pierre,
_d1879-1933
_9115258
245 1 3 _aLa pedagogía de los ciegos /
_cpor Pierre Villey ; traducido del francés por Jacobo Orellana Garrido.
260 _aMadrid :
_bArtes de la Ilustración,
_c[1920?]
300 _aXIV, 304 p. ;
_c20 cm.
490 1 _aCiencia y educación. Manuales
650 1 4 _aCiegos-
_xEducación.
_9157271
700 1 _aOrellana Garrido, Jacobo.
_987228
830 0 _aCiencia y educación. Manuales
_9220423
852 _aES-MaACL
_jB-5994
999 _c141591
_d141591